Statistics for Tallest Buildings in Detroit, MI

Click here to take the quiz!

General Stats

  • This quiz has been taken 6 times
  • The average score is 4 of 16

Answer Stats

HeightBuilding% Correct
475 ftBook Tower
67%
495 ftGuardian Building
67%
444 ftFisher Building
50%
565 ftPenobscot Building
50%
456 ft150 West Jefferson
17%
430 ft1 Woodward Avenue
17%
617 ftAlly Detroit Center
17%
727 ftDetroit Marriott at the Renaissance Center
17%
375 ftDTE Energy Headquarters
17%
522 ftRenCen Tower 100
17%
522 ftRenCen Tower 200
17%
522 ftRenCen Tower 300
17%
522 ftRenCen Tower 400
17%
438 ftCadillac Building
0%
393 ftMcNamara Federal Building
0%
437 ftStott Building
0%

Score Distribution

Percentile by Number Answered

Percent of People with Each Score

Your Score History

You have not taken this quiz